000 00842nam a2200205Ia 4500
003 GCL
008 140319s9999 xx 000 0 ara d
040 _aGCL /
_cGCL
082 0 4 _a414.5
_bن م
100 1 _aابن قيم الجوزية: شمس الدين ابو عبدالله محمد بن ابى بكر
245 1 0 _aمقدمة تفسير ابن النقيب فى علم البيان /
_cابن قيم الجوزية: شمس الدين ابو عبدالله محمد بن ابى بكر
700 1 _aابن النقيب : جمال الدين ابو عبدالله محمد بن سليمان بن الحسين البلخى
700 1 _aزكريا سعيد على
300 _a687 ص
490 _a100 قصة
_v0
650 0 4 _aاللغة العربية
650 0 4 _aالبلاغة
650 0 4 _aالبيان
942 _2ddc
_cBK
999 _c44352
_d44352